| 000 | 00682nam a22001337a 4500 | ||
|---|---|---|---|
| 040 | _cRUA | ||
| 082 | _aVEM HON 2015 B483 Or.1 | ||
| 100 | _aHONG HOUR; ហង ហួ | ||
| 245 | _aStudy on gastrointesinal parasites in pigs at lek dek district, kandal province; ការសិក្សាពីកម្រិតរាលដាលបរាសិតក្នុងក្រពះពោះវៀនជ្រូកនៅក្នងស្រុកលើកដែក ខេត្តកណ្ដាល | ||
| 260 |
_aPhnom Penh _bRUA _c2015 |
||
| 300 |
_ax;42p. _bill. _c29cm. |
||
| 856 | _uhttps://drive.google.com/file/d/1iY7yrcFZq72bS1o-yr-OZBSgrRif33U5/view?usp=sharing | ||
| 942 | _cVEM | ||
| 999 |
_c8203 _d8203 |
||